000 00293nam a22001337a 4500
008 170802b xxu||||| |||| 00| 0 eng d
020 _a9780321346933
041 _aeng
080 _a004
100 _a32
101 _aSHK
245 _aBULLETPROOF WEB DESIGN
_cCEDERHOLM,D
942 _2udc
_cBK
999 _c22497
_d22497